| 000 | 01043nam a2200253 a 4500 | ||
|---|---|---|---|
| 001 | 75885 | ||
| 003 | BD-RjUL | ||
| 005 | 20211209082746.0 | ||
| 008 | 190827m19751973ii 000 0 |ben| | ||
| 020 | _c: IRs. 35.00 (V-3) | ||
| 035 | _a(BD-RjUL)76104 | ||
| 040 |
_aBD-RjUL _cBD-RjUL _bben |
||
| 041 | _aben | ||
| 082 |
_223 _a954.14 _bMAB V-2-3 1973-75 |
||
| 100 | 1 |
_aমজুমদার, রমেশচন্দ্র _9232746 |
|
| 245 | 1 | 0 |
_aবাংলা দেশের ইতিহাস / _cরমেশচন্দ্র মজুমদার |
| 250 | _aপরিবর্তিত ২য় সং. | ||
| 260 |
_aকলিকাতা : _bজেনারেল পাবলিশার্স, _c১৯৭৩-১৯৭৫ |
||
| 300 |
_a খণ্ড : ; _c২১ সেমি. |
||
| 505 | 0 | _aখণ্ড ২, [মধ্য যুগ] --- খণ্ড ৩, [আধুনিক যুগ] -- | |
| 650 |
_aবাংলাদেশ _vইতিহাস _9117208 |
||
| 650 |
_aBangladesh _vHistory _9117209 |
||
| 942 |
_2ddc _cBK |
||
| 999 |
_c75885 _d75885 |
||